1422 1126 1068 1266 1276 1605 1345 1210 1366 1975 1575 1391 1734 1458 1542 1645 1405 1979 1979 1258 1158 1127 1039 1220 1946 1701 1021 1265 1814 1241 1403 1319 1657 1281 1541 1891 1402 1203 1356 1847 1618 1823 1639 1396 1812 1808 1522 1021 1423 1815 1843 1665 1724 1687 1292 1382 1081 1550 1292 1171 1583 1318 1105 1284 1643 1494 1805 1732 1026 1608 1953 1229 1194 1754 1726 1591 1904 1413 1248 1538 1797 1377 1191 1129 1527 1537 1728 1514 1545 1410 1192 1579 1910 1105 1690 1048 1676 1087 1534 BCNSPRNW ULIB Ver.6.0+V

เปลี่ยนเป็นภาษาไทย

Change to English
 แสดงรายละเอียดบรรณานุกรม
  กลับหน้าหลัก

Brief Record : Get Marc (ISO 2709) : E-mail record : QR code < ปิดหน้าต่าง
LEADER : 00000nam 2200000uu 4500
001    13399121315
003     ULIB
008    020711s2551 th a 000 0 tha d
060  4 WY160^bม114ก
100    มงคล ส่องสว่างธรรม
245    การพยาบาลบุคคลที่ได้รับการรักษาทางจิตเวช /^cมงคล ส่องสว่างธรรม
260    จันทบุรี :^bวิทยาลัยพยาบาลพระปกเกล้า จันทบุรี,^c2551
300    72 หน้า
650    จิตเวช
650    การพยาบาล^xจิตเวช
710 1  วิทยาลัยพยาบาลพระปกเกล้า จันทบุรี
945    ^p0^l0^i033080
999    ^aทศพร
รายการนี้ยังไม่มีแท็ก
คุณยังไม่ได้ล็อกอิน คุณสามารถมีกิจกรรมร่วมกับเว็บไซต์ได้ แต่ต้องล็อกอินก่อน ::
  ล็อกอิน

รายการสื่อสารสนเทศ

ลำดับที่ ประเภท เลขเรียก/บาร์โค้ด สถานที่ สถานะ
1. วิทยาศาสตร์การแพทย์ และสุขภาพ
วิทยาศาสตร์การแพทย์ และสุขภาพ
WY160 ม114ก ฉ.1 
  Barcode: 033080
ห้องสมุดวิทยาเขตสวรรค์ประชารักษ์
►หนังสือทั่วไป
บนชั้น

รายการใกล้เคียง
    หัวเรื่อง [จิตเวช]

BibComment


ยังไม่เคยถูกคอมเมนท์

คอมเมนท์ทรัพยากรรายการนี้
  คอมเมนท์: การพยาบาลบุคคลที่..


 Copyright 2026. Bcnsprnw @Library